000 00806cam a2200253 a 4500
001 12912198
005 20260422131043.0
008 020830s2003 coua b 001 0 eng
020 _a1588261417
_qhc : alk. paper
020 _a1588261174
_qpb : alk. paper
020 _a9781588261410
_q(hc : alk. paper)
020 _a9781588261175
_q(pb : alk. paper)
050 0 0 _aJZ1316
_b.V65 2003
082 0 0 _a327.1/01
_221
100 1 _aVolgy, Thomas J.
245 1 0 _aInternational politics & state strength /
_cThomas J. Volgy, Alison Bailin.
260 _aBoulder, Colo. :
_bLynne Rienner Publishers,
_c2003.
300 _aix, 173 p. :
_bill. ;
_c24 cm.
650 0 _aInternational relations.
650 0 _aState, The.
650 0 _aSovereignty.
700 1 _aBailin, Alison,
_d1963-
942 _2lcc
_cBK
_n0
999 _c9460
_d9460